Statistics for Guess the Taylor Swift song no hints #56

Click here to take the quiz!

General Stats

  • This quiz has been taken 29 times
  • The average score is 271 of 373

Answer Stats

Answer% Correct
a
96%
I
96%
it
96%
it's
96%
on
96%
to
96%
When
96%
when
96%
you
96%
You
96%
your
96%
and
93%
And
93%
in
93%
me
93%
my
93%
that
93%
That
93%
the
93%
The
93%
then
93%
Then
93%
for
89%
go
89%
he
89%
know
89%
of
89%
all
85%
at
85%
But
85%
is
85%
like
85%
time
85%
what
85%
Not
81%
not
81%
So
81%
was
81%
who
81%
why
81%
I've
78%
Now
78%
one
78%
she
78%
from
74%
got
74%
their
74%
back
70%
his
70%
how
70%
just
70%
up
70%
will
70%
gave
67%
he's
67%
He's
67%
Look
67%
nothing
67%
out
67%
ask
63%
old
63%
only
63%
yours
63%
come
59%
gets
59%
left
59%
right
59%
thing
59%
cold
56%
friends
56%
Or
56%
til
56%
15
52%
again
52%
Begging
52%
body
52%
dinner
52%
familiar
52%
find
52%
million
52%
moment
52%
past
52%
same
52%
She's
52%
sits
52%
soul
52%
stay
52%
tab
52%
tears
52%
throne
52%
wondered
52%
words
52%
years
52%
ache
48%
behind
48%
bled
48%
bones
48%
break
48%
chatter
48%
dreams
48%
fact
48%
frozen
48%
glass
48%
greed
48%
hearts
48%
insisting
48%
knees
48%
other
48%
palace
48%
sister
48%
son
48%
whispers
48%
worse
48%
20
44%
boss
44%
brave
44%
breaks
44%
caught
44%
each
44%
giving
44%
job
44%
keeping
44%
kids
44%
little
44%
Praying
44%
prove
44%
run
44%
seemed
44%
snaps
44%
Sometimes
44%
spot
44%
strong
44%
twin
44%
crook
41%
trying
41%
walking
41%

Score Distribution

Percentile by Number Answered

Percent of People with Each Score

Your Score History

You have not taken this quiz